Variácie na jednu tému (malé príbehy 3)

Bibliographic Details
Main Author: Busch, Wilhelm, 1897-1966 (Author)
Other Authors: Gáll, Tomáš, 1935-2017 (Translator)
Format: Book
Language:Slovak
German
PhysicalDescription:70 s. 19 cm
Published: Kežmarok ViViT 2015
ISBN:9788081750182
Subjects:

MARC

LEADER 00000cam a2200000 a 4500
001 vtls011583852
003 SK-MaSNL
005 20260302014937.0
008 240318s2015 xo g 000 0dslo
015 |a SNBA2016/10 
020 |a 9788081750182  |q (brož.) 
035 |a 4AA84642-52D0-4005-8025-0C11D2F20A80 
035 |a urn:nbn:sk:snk-amycd6 
035 |a urn:nbn:sk:snk-am00ch51 
040 |a SNK  |b slo  |c SNK  |e AACR2 
041 1 |a slo  |h ger 
044 |a xo  |c SK 
072 7 |a 821.112.2-3  |x Nemecká próza, nemecky písaná  |2 konspekt 
072 7 |a 27  |x Kresťanstvo. Kresťanská cirkev všeobecne. Ekleziológia  |2 konspekt 
080 |a 821.112.2-32  |2 2011 
080 |a (0:82-94)  |2 2011 
080 |a 274/278-726.3  |2 2001 
100 1 |a Busch, Wilhelm,  |d 1897-1966  |4 aut  |9 108072 
240 1 0 |a Variationen über ein Thema  |l Slovensky 
245 1 0 |a Variácie na jednu tému  |b (malé príbehy 3)  |c Wilhelm Busch ; [preložil Tomáš Gáll] 
260 |a Kežmarok  |b ViViT  |c 2015 
300 |a 70 s.  |c 19 cm 
600 1 7 |a Busch, Wilhelm,  |d 1897-1966  |2 SNKMA  |9 108072 
650 0 7 |a evanjelickí kňazi  |2 SNKPH  |9 69499 
650 0 7 |a Evangelical pastors  |2 SNKPHeng  |9 335873 
655 7 |a nemecké príbehy  |2 SNKPH  |9 70667 
655 7 |a spomienky  |2 SNKPH  |9 29509 
655 7 |a German stories  |2 SNKPHeng  |9 315928 
655 7 |a Reminiscences  |2 SNKPHeng  |9 93477 
700 |a Gáll, Tomáš,  |d 1935-2017  |4 trl  |9 169845 
852 |a Štátna vedecká knižnica v Banskej Bystrici 
919 |a 978-80-8175-018-2 
958 |a LX 
958 |a NT 
958 |a UP 
968 |b DT 
999 |c 1019012  |d 1020942 
952 |a SNK  |b SNK  |y PREZ  |7 0  |p 17A1216338  |o snkSD 85618  |i snk2016/23781  |8 0  |0 0  |1 0  |4 0  |d 2016-10-11  |f 1  |l 0  |r 2026-02-24 13:18:43  |w 2026-02-24 
952 |a SNK  |b SNK  |y VYP  |7 0  |p 17A1216339  |o snkSD 85618 D1  |i snk2016/23782  |8 0  |0 0  |1 0  |4 0  |d 2016-10-11  |l 0  |r 2026-02-24 13:18:43  |w 2026-02-24